Born in Savannah/Georgia - Statistics

General Stats
  • This quiz has been taken 24 times
    11 since last reset
  • The average score is 4 of 12
Answer Stats
Hint Answer % Correct
Founder of Girl Scouts of the USA 1860 Juliette Gordon Low
63%
Rapper and member of Oukast 1975 Big Boi
50%
First Lady from 1913 to 1914 and most recent First Lady to die in office 1860 Ellen Axson Wilson
50%
Former pitcher who won the 1996 World Series with the New York Yankees and won five Gold Glove Awards, nicknamed "The Gambler" 1964 Kenny Rogers
38%
Senator from Georgia since 2021 1969 Raphael Warnock
38%
Actor, known for his role as detective Mike Hammer in numerous television films and shows 1941 Stacy Keach
38%
Running back who plays for the Minnesota Vikings 1994 Aaron Jones
25%
Actress, known for her role as India Wilkes in "Gone with the Wind" 1915 Alicia Rhett
13%
Golfer who won the 2023 Open Championship 1987 Brian Harman
13%
Actress, known for her role as Quinn Fabray in "Glee" 1986 Dianna Agron
13%
Governor of North Carolina from 1985 to 1993 1935 James G. Martin
13%
Actress, "Trouble in Paradise" "Dr. Jekyll and Mr. Hyde" "Becky Sharp" 1902 Miriam Hopkins
13%
No matching quizzes found
Score Distribution
Percent of People with Each Score
Percentile by Number Answered
Your Score History
You have not taken this quiz since the last reset